Catálogo

Vista normal Vista MARC

Entrada Personal Name

Número de registros utilizados en: 1

001 - CONTROL NUMBER

  • control field: 17017

003 - CONTROL NUMBER IDENTIFIER

  • control field: DLC

005 - DATE AND TIME OF LATEST TRANSACTION

  • control field: 20250502085609.0

008 - FIXED-LENGTH DATA ELEMENTS

  • fixed length control field: 800820n| azannaabn |a aaa

010 ## - LIBRARY OF CONGRESS CONTROL NUMBER

  • LC control number: n 80094278

035 ## - SYSTEM CONTROL NUMBER

  • System control number: (OCoLC)oca00475347

040 ## - CATALOGING SOURCE

  • Original cataloging agency: DLC
  • Language of cataloging: spa
  • Description conventions: rda
  • Transcribing agency: Mx-PuUPA
  • Modifying agency: OCoLC
  • Modifying agency: DLC
  • Modifying agency: ICU
  • Modifying agency: HU
  • Modifying agency: Mx-PuUPA

046 ## - SPECIAL CODED DATES

  • Birth date: 1934
  • Death date: 1981
  • Source of date scheme: edtf

100 1# - HEADING--PERSONAL NAME

  • Personal name: Bellini, Enzo,
  • Dates associated with a name: 1934-1981

372 ## - FIELD OF ACTIVITY

  • Field of activity: Padres de la Iglesia
  • Field of activity: Teología--Historia--Iglesia primitiva, ca. 30-600
  • Source of term: lcsh

373 ## - ASSOCIATED GROUP

  • Associated group: Universidad Católica del Sagrado Corazón
  • Source of term: naf

374 ## - OCCUPATION

  • Occupation: Historiador
  • Occupation: Autor
  • Source of term: lcsh

375 ## - GENDER

  • Gender: hombre
  • Source of term: lcdgt

377 ## - ASSOCIATED LANGUAGE

  • Language code: ita

400 1# - SEE FROM TRACING--PERSONAL NAME

  • Personal name: Bellini, Entius,
  • Dates associated with a name: 1934-1981

670 ## - SOURCE DATA FOUND

  • Source citation: Gregorius, Saint, Bp. of Nyssa.
  • Information found: Teologia e Chiesa, 1972.

670 ## - SOURCE DATA FOUND

  • Source citation: Tutte le opere, 2009:
  • Information found: t.p. (Enzo Bellini) dust jacket (1934-1981)

670 ## - SOURCE DATA FOUND

  • Source citation: Bompiani WWW site, May 13, 2016:
  • Information found: Tutte le opere page (Enzo Bellini (1934-1981) was a docent in the History of Theology at the Università Cattolica di Milano and of Patristics and Patrology at the Facoltà Teologica Interregionale di Milano; he was a specialist in late antique Christian thought; last major project was a study of the Corpus Dionysiacum)
  • Uniform Resource Identifier: http://www.bompiani.eu/libri/tutte-le-opere/?refresh_ce-cp

670 ## - SOURCE DATA FOUND

  • Source citation: Lo spirito santo, 1999:
  • Information found: page [356] (Entius Bellini) page [357] (Enzo Bellini)